Stones and quarries in ancient Egypt

محفوظ في:

المؤلف الرئيسي: Rosemarie Klemm

مؤلفون آخرون: Dietrich D. Klemm

التنسيق: كتاب

اللغة: Undetermined

منشور في: London British Museum Press 2008

الموضوعات:

الوسوم: إضافة وسم

لا توجد وسوم, كن أول من يضع وسما على هذه التسجيلة!

رقم الطلب: (REF) QE 328 .K5413

LEADER 00783nam a2200205Ia 4500
008 221002s9999||||xx |||||||||||||| ||und||
020 |a 714123269 
050 4 |a (REF) QE 328 .K5413 
100 1 |a Rosemarie Klemm 
245 1 0 |a  Stones and quarries in ancient Egypt 
264 1 |a London  |b British Museum Press  |c 2008 
300 |a 354p.  |b xiii, 354 pages, 16 unnumbered pages of plates : illus  |c 30 cm 
505 0 |a  Introduction to the geological structure of Egypt Rock identification Limestones 
650 4 |a  Building, Stone 
650 4 |a ̈Agypten 
650 4 |a Archäologische Stätte 
700 1 |a  Dietrich D. Klemm 
942 |2 lcc  |c BK 
952 |0 0  |1 0  |2 lcc  |4 0  |7 1  |9 43017  |a ARCE  |b ARCE  |d 2022-10-02  |l 0  |o (REF) QE 328 .K5413  |p 1033996  |r 2022-10-02 00:00:00  |w 2022-10-02  |y BK 
999 |c 49573  |d 49573